Sports Quiz

Random Sports or MLB Quiz

MLB One Man Team: Offense Quiz Stats

 Plays Quiz Updated May 26, 2015

Challenge
Share
Tweet
Embed
Score 0/9 Timer 05:00
2 Plays Today
Year & Team Player % Correct
1995 GiantsBarry Bonds
90.3%
1994 MarinersKen Griffey, Jr. (Tied in triples)
90%
2005 CubsDerrek Lee (Tied in triples and steals)
58.4%
2002 RoyalsCarlos Beltran
45.9%
1989 MetsHoward Johnson (Tied in triples)
42.8%
1972 DodgersWillie Davis (Tied in home runs)
23.4%
1984 AstrosJosé Cruz
22%
2008 PiratesNate McLouth
10.3%
1976 White SoxJorge Orta (Tied in home runs)
4.1%

You're not logged in!

Compare scores with friends on all Sporcle quizzes.
OR
Log In

You Might Also Like...

Show Comments

Extras

Top Quizzes Today


Score Distribution

Your Account Isn't Verified!

In order to create a playlist on Sporcle, you need to verify the email address you used during registration. Go to your Sporcle Settings to finish the process.

Report this User

Report this user for behavior that violates our Community Guidelines.

Details: